00824 2200301 4500001002100000005001500021035002000036007000300056040001700059100002900076245011700105250001000222300003100232020001800263041000800281082000800289084001400297090002200311264001700333336002100350337003000371338002300401650001700424850001000441008004100451990001500492990001500507INLIS00000000000912220260427110844 a0010-1122000081ta aSBPUPADbind0 aAryo Prayogi;ePengarang1 aMendapatkan Nilai Terbaik Biologi di Ulangan dan Semesteran :bPanduan Belajar Pintar Tanpa Guru /cAryo Prayogi acet.1 a109 hlm. :bilus. ;c17 cm a602-7909-16-10 aind a570 a570 PRA m a613.2 WAR a 1 5-1 bKata Alvabet 2rdacontentateks 2rdamediaatanpa perantara 2rdacarrieravolume 4aSoal Biologi aPUPAD260427 0  a257/B/2013 a253/B/2013